000 00478cam a2200205ua 4500
001 11580
005 20260515114754.0
008 191010n ii |||gr||||Z||||||eng
020 _a9788171395194
040 _cMAIN
041 _aeng
082 _a381.142
100 _aUK Singh,
_eAuthor.
245 _aE-commerce
_cBy UK Singh
260 _aNew Delhi:
_bJnanada prakashan,
_c2017.
300 _a304p.
653 _aCommerce
700 _aAK Nayak,
_eAuthor.
942 _cBK
999 _c10387
_d10387